| 000 | 01052nam2a22002771 4500 | ||
|---|---|---|---|
| 001 | RU\NLR\INFOCOMM6\1000417834 | ||
| 005 | 20250617045541.0 | ||
| 035 | _a(NLR Aleph) 002463715 | ||
| 090 |
_a2275437 _c2275437 |
||
| 100 | _a20040331d1974 |||y0rusy50 ca | ||
| 101 | 0 | _arus | |
| 102 | _aRU | ||
| 105 | _ay ||||||||| | ||
| 200 | 1 |
_aSearch for quarks _fL.G. Landsberg, A.M. Zajcev |
|
| 210 |
_d1974 _aБ. м. |
||
| 225 | 1 | _aСЭФ | |
| 461 | 0 |
_1001RU\NLR\INFOCOMM6\1000416985 _12001#$a[Издания]$fИн-т физики высоких энергий. ИФВЭ$v1974, 120 _93998336 _aИнститут физики высоких энергий (пос. Протвино, Московская обл.) _cСерпухов _d1967- _fИн-т физики высоких энергий. ИФВЭ _t[Издания] _v1974, 120 |
|
| 700 | 1 |
_aLandsberg _bL.G. _4070 |
|
| 701 | 1 |
_aZajcev _bA.M. _4070 |
|
| 801 | 1 |
_aRU _bInfoComm _c20040331 |
|
| 801 | 0 |
_aRU _bNLR _gPSBO |
|
| 852 |
_aNLR _jП7/1175 |
||
| 942 | _cISSUE | ||
| 980 | _aNB | ||
| 980 | _aRUSPER | ||